000 00843cam a22002411 4500
001 ne 68002646
003 DLC
005 20260227111844.0
008 890904q19601969xx 000 0 ara
010 _ane 68002646
035 _a(OCoLC)23508642
040 _aDLC
_cMiU
_dDLC
050 0 0 _aDP103.7
_b.D3 1960z
100 1 _aIbn ʻAmīrah, Aḥmad ibn Yaḥyá,
_d-1202 or 1203.
245 1 0 _aBughyat al-multamis.
260 _c[196-#]
300 _a642, 25 p.
_bfacsim.
_c26 cm.
500 _aCover title: Bughyat al-multamis # tarikh rijal ahl al-Andalus, by Ibn 'Umaira al-Dhabbi, edited by F. Codera and J. Ribera.
500 _aPhotoreproduction of the ed. published in Madrid, 1884.
650 0 _aArabs
_zSpain
_xBiography
700 2 _aCodera y Zaidín, Francisco,
_d1836-1917.
_eed.
700 1 _aRibera, Julián,
_d1858-1934.
_eed.
999 _c50571
_d50571